000 00459nam a2200181Ia 4500
005 20260429112221.0
008 260429s9999||||xx |||||||||||||| ||und||
020 _a9789383101290
041 _aEnglish
082 _a572
_bMAN
100 _aManpal, Richa
245 0 _aHandbook of biochemistry /
_cRicha Manpal
260 _aJaipur :
_bAgrotech Press,
_c2025.
300 _avii, 239 p.; hb
650 _a Biochemistry
650 _aBiology
942 _cTB
999 _c52943
_d52943